| 000 | 00348nam a2200133Ia 4500 | ||
|---|---|---|---|
| 008 | 240624s9999 xx 000 0 und d | ||
| 041 | _aeng | ||
| 082 | _a330.15 HAL | ||
| 100 | _aHALL PETER A | ||
| 245 | _aPOLITICAL POWER OF ECONOMIC IDEAS KEYNES | ||
| 260 |
_c1989 _aNew Jersey _bPrinceton University Press |
||
| 300 | _a416 : p. | ||
| 365 |
_c _b26 |
||
| 999 |
_c21021 _d21021 |
||